Maya Hawke - Mirth (Lyrics) - Statistics

General Stats
  • This quiz has been taken 2 times
  • The average score is 97 of 171
Answer Stats
Answer % Correct
a
100%
all
100%
and
100%
creature
100%
It's
100%
of
100%
got
100%
He
100%
he
100%
I
100%
It's
100%
it's
100%
I've
100%
joy
100%
Little
100%
Loving
100%
mirth
100%
My
100%
my
100%
of
100%
to
100%
without
100%
anything
50%
around
50%
back,
50%
blue
50%
born
50%
But
50%
could
50%
decade
50%
ears
50%
feverish
50%
fix
50%
gives
50%
good
50%
hand
50%
hands,
50%
heart
50%
help
50%
him
50%
his
50%
in
50%
Lay
50%
leather
50%
life
50%
lips
50%
marks
50%
me
50%
name
50%
night
50%
not
50%
oatmeal
50%
on
50%
On
50%
place
50%
popping
50%
problem
50%
seems
50%
Shadow
50%
start
50%
still
50%
the
50%
think
50%
travel
50%
tricks
50%
Twisting
50%
up
50%
usual
50%
Well,
50%
whispering
50%
you,
50%
at
0%
belly,
0%
blame
0%
booth
0%
breath,
0%
claim
0%
coughed
0%
dreamt
0%
earth
0%
face
0%
flight
0%
from
0%
grace
0%
into
0%
JetBlue
0%
Letting
0%
lines
0%
miss
0%
New
0%
Nursing
0%
picked
0%
plumped
0%
romantic
0%
softness
0%
suggestion,
0%
that
0%
thunder
0%
trace
0%
undo
0%
unravel
0%
use
0%
wish
0%
works
0%
York
0%
No matching quizzes found
Score Distribution
Percent of People with Each Score
Percentile by Number Answered
Your Score History
You have not taken this quiz